000 01223cam a2200313 i 4500
001 80593
003 BD-RjUL
005 20221023114032.0
008 231023s1963 pk b 000 0 urd
035 _a(BD-RjUL)80593
037 _c50.00 SAR
040 _aDLC
_beng
_erda
_cDLC
041 _aeng
082 _223
_a297.125
_bBUK 1963
245 1 0 _aTaysīr al-Bārī /
_ctaʼlīf Fayṣal ibn Yaḥyá ibn Murshid al-Ghūlī.
250 _aal-Ṭabʻah al-ūlá.
264 1 _aLahore :
_bsirajuddin,
_c1963.
300 _aV ;
_c24 cm
336 _atext
_btxt
_2rdacontent
337 _aunmediated
_bn
_2rdamedia
338 _avolume
_bnc
_2rdacarrier
504 _aIncludes bibliographical references.
650 0 _aIslam
_xDoctrines
_vEarly works to 1800.
_95411
880 1 _6100-01/(3/r‏
_a‏غولي، فيصل بن يحيى بن مرشد.
880 1 0 _6245-02/(3/r‏
_a‏تيسير الباري في شرح السنة للإمام البربهاري /‏
_c‏تأليف فيصل بن يحيى بن مرشد الغولي.
880 _6250-03/(3/r‏
_a‏الطبعة الأولى.
880 1 _6264-04/(3/r‏
_a‏الرياض :‏
_b‏مدار الوطن للنشر،‏
_c‏‪2019‬.
942 _2ddc
_cBK
999 _c80593
_d80593